000 00613nam a2200241Ia 4500
005 20250425162631.0
008 250425s9999 xx 000 0 und d
020 _a9789978228722
041 _aspa
082 _a261.83
100 _aBELLINI, LUCIANO
245 0 _aPALABRAS DE LIBERACION: DISCURSOS Y HOMILIAS DE MONSEÑOR LEONIDAS PROAÑO
250 _a1A ED.
260 _aEcuador
_bABYA -YALA
_c2009
260 _aQUITO
300 _a418
650 _aDISCURSOS
650 _aDOCTRINA SOCIAL DE LA IGLESIA
650 _aEVANGELIZACION
650 _aINDIGENAS
942 _c01
010 _a91741
999 _c233298
_d233298